000 00428nam a22001577a 4500
008 230410b |||||||| |||| 00| 0 eng d
040 _aNational Science Library
_cNational Science Library
080 _a806.0(07)
_bK3.1
100 _aBrenes, Edin
245 _aLearning Spanish
260 _aNew York:
_bMcGraw Hill Book Company,
_c1961
300 _a240p.
650 _aManagement
653 _aGrammar
942 _2udc
_cREF
999 _c20157
_d20157